Aplicación de la inteligencia artificial en el marketing en las empresas salvadoreñas que se ubican en Estados Unidos (Registro nro. 34709)

Detalles MARC
000 -CABECERA
Longitud fija campo de control 00957nam a22002057a 4500
003 - IDENTIFICADOR DELl NÚMERO DE CONTROL
Identificador del número de control OSt
005 - FECHA Y HORA DE LA ÚLTIMA TRANSACCIÓN
Fecha y hora de la última transacción 20241114191542.0
008 - CÓDIGOS DE INFORMACIÓN DE LONGITUD FIJA
Códigos de información de longitud fija 240301b ||||| |||| 00| 0 eng d
040 ## - FUENTE DE LA CATALOGACIÓN
Centro transcriptor BCRI
082 ## - NÚMERO DE LA CLASIFICACIÓN DECIMAL DEWEY
Númeroo de clasificación 658.8
100 ## - PUNTO DE ACCESO PRINCIPAL-NOMBRE DE PERSONA
9 (RLIN) 48172
Nombre de persona Reyes Diaz, Adamaris Alexandra
245 ## - MENCIÓN DE TÍTULO
Título Aplicación de la inteligencia artificial en el marketing en las empresas salvadoreñas que se ubican en Estados Unidos
Resto del título : Informe final de investigación
Mención de responsabilidad, etc. Adamaris Alexandra Reyes Diaz
260 ## - PUBLICACIÓN, DISTRIBUCIÓN, ETC. (PIE DE IMPRENTA)
Lugar de publicación, distribución, etc. Ilobasco, Cabañas
Nombre del editor, distribuidor, etc. Universidad Católica de El Salvador
Fecha de publicación, distribución, etc. 2024
300 ## - DESCRIPCIÓN FÍSICA
Extensión 78 h.
Otras características físicas il.
Dimensiones 27 cm.
Material anejo Versión digital en USB
500 ## - NOTA GENERAL
Nota general Referencias bibliográficas p. 62
502 ## - NOTA DE TESIS
Nota de tesis Trabajo de graduación para optar al grado académico de Licenciada en Mercadeo y Negocios Internacionales
650 #0 - PUNTO DE ACCESO ADICIONAL DE MATERIA - TÉRMINO DE MATERIA
9 (RLIN) 3991
Término de materia o nombre geográfico como elemento inicial Marketing
710 ## - PUNTO DE ACCESO ADICIONAL - NOMBRE DE ENTIDAD
Nombre de entidad o nombre de jurisdicción como elemento inicial Universidad Católica de El Salvador
Unidad subordinada Centro Regional de Ilobasco
-- Facultad Multidisciplinaria
9 (RLIN) 40915
942 ## - ENTRADA DE ELEMENTOS AGREGADOS (KOHA)
Fuente de clasificaión o esquema Dewey Decimal Classification
Koha [por defecto] tipo de item 4- Trabajo de Graduación
Parte de clasificación prozim
Existencias
Suprimido Perdido Fuente de clasificación o esquema Estropeado Restricciones de uso No para préstamo Código de colección Localización permanente Localización actual Localización en estanter&íacute;as Fecha adquisición Fuente de adquisición Número de inventario Préstamos totales Renovaciones totales Signatura completa Código de barras Fecha última consulta Fecha último préstamo Fecha del precio de reemplazo Tipo de item de Koha
NULL NULL Dewey Decimal Classification NULL Prestable NULL NULL Biblioteca Centro Regional de Ilobasco Biblioteca Centro Regional de Ilobasco Sala Principal 20/02/2024 Donado por Adamaris Alexandra Reyes Diaz. 000267 4 4 IN-000267 1051409 23/11/2024 09/11/2024 01/03/2024 4- Trabajo de Graduación